000 01530nam0a2200337 4500
001 RU\NLR\BIBL_A\010785978
005 20250614100452.0
010 _a978-5-906722-26-3
_91100
021 _aRU
_b2015-35427
_92095
035 _a(NILC)RuMoRGB-007929499
035 _a(NLR Aleph) 010785978
090 _a10091535
_c10091535
100 _a20150622d2015 |||y0rusy50 ca
101 0 _arus
102 _aRU
105 _aac z 000yy
200 1 _aКак я дошел до 6200 метров (на пике Ленина) и иду дальше
_eжизнь туриста-пешеходника с фотографиями и советами, 1986-2012
_fАлександр Советов
210 _aМосква
_cАдвансед солюшнз
_d2015
215 _a700, [3] с.
_cил., цв. ил., портр.
_d25
600 1 _aСоветов
_bА.В.
_f1957
_gАлександр Викторович
_jВоспоминания, записки и т.п
_92249032
_3RU\NLR\AUTH\6601579852
606 1 _aГорный туризм
_jВоспоминания, записки и т.п
_xМаршруты
_92157261
_3RU\NLR\AUTH\661298591
606 1 _aПутешествия
_jВоспоминания, записки и т.п
_91357398
_3RU\NLR\AUTH\66253031
686 1 _aД8г
686 1 _aД8д(2)Советов
686 1 _aЧ518.115.5
700 1 _aСоветов
_bА.
_gАлександр
801 0 _aRU
_bРГБ
_c20150512
_gRCR
942 _cBOOK
980 _aNB